| 000 | 00889cam a2200289 4500 | ||
|---|---|---|---|
| 008 | 090401t1993 xxu||||| |||| 00| 0 eng d | ||
| 020 | _a0421433108 | ||
| 035 | _a(Sirsi) u64913 | ||
| 041 | _aeng | ||
| 050 | _a347.4109 | ||
| 100 | _aBernstein, Ronald | ||
| 245 | _aHandbook of arbitration practice. | ||
| 250 | _a2nd ed. | ||
| 260 |
_aLondon _bSweet & Maxwell _c1993 |
||
| 300 | _axxxvii,696p. ; 26cm. | ||
| 350 | _a90 | ||
| 520 | _aPublished in association with the Chartered Institute of Arbitrators. | ||
| 650 | _aBUILDING INDUSTRY | ||
| 650 | _aCHARTERED INSTITUTE OF ARBITRATORS | ||
| 650 | _aCOMMERCIAL ARBITRATION | ||
| 650 | _aMARITIME ARBITRATIONS | ||
| 650 | _aRENT REVIEWS | ||
| 690 | _aMANAGEMENT-DISPUTE AVOIDANCE, MANAGEMENT AND RESOLUTION-DISPUTE MANAGEMENT AND RESOLUTION-ARBITRATION | ||
| 700 | _aWood, Derek | ||
| 942 | _n0 | ||
| 948 | _c04/03/1997 | ||
| 999 |
_c94716 _d94716 |
||